Central Library OPAC University of Rajshahi

শক্তিদর্শন ও শক্তি কবি / (Record no. 41427)

MARC details
000 -LEADER
fixed length control field 01012nam a2200241 a 4500
001 - CONTROL NUMBER
control field 41427
003 - CONTROL NUMBER IDENTIFIER
rucl marc code BD-RjUL
005 - DATE AND TIME OF LATEST TRANSACTION
control field 20211209053403.0
008 - FIXED-LENGTH DATA ELEMENTS--GENERAL INFORMATION
fixed length control field 160530s1967 ii ||||| |||| 00| 0 ben d
020 ## - INTERNATIONAL STANDARD BOOK NUMBER
Terms of availability : IRs.8.00
035 ## - SYSTEM CONTROL NUMBER
System control number (BD-RjUL)41545
040 ## - CATALOGING SOURCE
Original cataloging agency BD-RjUL
Language of cataloging ben
Transcribing agency BD-RjUL
Modifying agency BD-RjUL
041 ## - LANGUAGE CODE
Language code of text/sound track or separate title ben
082 ## - DEWEY DECIMAL CLASSIFICATION NUMBER
Edition number 23
Classification number 891.443
Author mark and year MUS 1967
100 ## - MAIN ENTRY--PERSONAL NAME
Personal name মুখোপাধ্যায়, দেবরঞ্জন
9 (RLIN) 127352
245 10 - TITLE STATEMENT
Title শক্তিদর্শন ও শক্তি কবি /
Statement of responsibility, etc. দেবরঞ্জন মুখোপাধ্যায়
260 ## - PUBLICATION, DISTRIBUTION, ETC. (IMPRINT)
Place of publication, distribution, etc. কলিকাতা :
Name of publisher, distributor, etc. ভারতী বুক স্টল,
Date of publication, distribution, etc. ১৯৬৭ ( ১৩৭৪)
300 ## - PHYSICAL DESCRIPTION
Pagination [১০], ২৮৮ পৃ. ;
Size ২১ সেমি.
504 ## - BIBLIOGRAPHY, ETC. NOTE
Bibliography, etc গ্রন্থপঞ্জি রয়েছে
650 ## - SUBJECT ADDED ENTRY--TOPICAL TERM
Topical term or geographic name as entry element বাংলা প্রবন্ধ
Form subdivision ইতিহাস ও সমালোচনা
9 (RLIN) 119946
Topical term or geographic name as entry element Bengali Essays
Form subdivision History and Criticism
9 (RLIN) 119947
942 ## - ADDED ENTRY ELEMENTS (KOHA)
Source of classification or shelving scheme Dewey Decimal Classification
Koha item type Books
Holdings
Lost status Source of classification or shelving scheme Damaged status Not for loan Collection code Permanent Location Current Location Shelving location Date acquired Source of acquisition Cost, normal purchase price Total Checkouts Full call number Date last seen Date checked out Copy number Koha item type
  Dewey Decimal Classification     Fiction Central Library, University of Rajshahi Central Library, University of Rajshahi   02/11/1974 Johnathan Wren & Co., London 8.00 1 B 891.44409 MUS 1967 20/06/2022 19/06/2022 C-2 Books